000 00543nam a2200169Ia 4500
005 20250508153324.0
008 008 250505s9999 xx 000 0 eng d
037 _aBooks to be hide in OPAC
040 _aFEDL
_beng
_cFEDL
041 _aeng
_2eng
084 _a155.4, UNE/O
_qFEDL
245 0 _aInfluence of home and community on children under thirteen years of age
245 0 _cUnited Nations Educational, Scientific and Cultural Organization
300 _a53p.
942 _cHB
_h155.4, UNE/O
999 _c1342022
_d1342022